Famous TikTokers - Statistics

General Stats
  • This quiz has been taken 4,483 times
  • The average score is 11 of 23
Answer Stats
First Name Last Name % Correct
Charli D'Amelio
100%
Dixie D'Amelio
96%
Addison Rae
95%
Chase Hudson
75%
Tony Lopez
69%
Josh Richards
62%
Loren Gray
56%
Zoe LaVern
55%
Avani Gregg
54%
Nessa Barrett
48%
Payton Moormeier
45%
Peyton Coffee
45%
Jaden Hossler
39%
Ondreaz Lopez
37%
Madi Monroe
32%
Lauren Godwin
30%
Caleb Coffee
29%
Anthony Reeves
28%
Jason Waud
21%
Sam Hurly
18%
Mark Anastasio
17%
Jackson Felt
12%
Joe Waud
11%
No matching quizzes found
Score Distribution
Percent of People with Each Score
Percentile by Number Answered
Your Score History
You have not taken this quiz